| 000 | 01195nam a22003017a 4500 | ||
|---|---|---|---|
| 003 | DO-SdBNP | ||
| 005 | 20230920101822.0 | ||
| 007 | ta | ||
| 008 | 221025b1987 dr ||||| |||| 00| 0 spa d | ||
| 040 |
_aDO-SdBNP _bspa _cBNPHU _erda |
||
| 082 | 4 |
_222 _bF356 |
|
| 111 | 2 |
_aFeria Nacional del Libro _n(15ª : _d 26 de junio al 05 de julio _cSanto Domingo, República Dominicana) _972688 |
|
| 245 | 1 | 0 |
_aXV Feria nacional del Libro : _bPrograma. / |
| 246 | 1 | 3 | _aDecimoquinta Feria Nacional del Libro |
| 264 | 1 |
_aSanto Domingo : _bMinisterio de Cultura, _bEdiciones Ferilibro, _c1987. |
|
| 300 |
_a83 páginas _c21 cm. |
||
| 336 |
_2rdacontent _atexto _btxt |
||
| 337 |
_2rdamedia _asin mediación _bn |
||
| 338 |
_2rdacarrier _avolumen _bnc |
||
| 500 | _aDedicado a Emilio Rodríguez Demorizi | ||
| 590 | _aInventariado, 2022/BT | ||
| 611 | 2 | 4 |
_aFeria nacional del libro _n(15ª : _d1987 : _cSanto Domingo, Republica Dominicana) _972689 |
| 650 | 4 |
_aIndustria del libro _zRepública Dominicana _xProgramas _955292 |
|
| 650 | 4 |
_aFeria del libro _zRepública Dominicana _y2014 _xProgramas _972690 |
|
| 650 | 4 |
_aLibros _xExposiciones _zRepública Dominicana _933375 |
|
| 910 | _aBtavárez | ||
| 942 |
_2ddc _cLBS1 |
||
| 999 |
_c52631 _d52631 |
||